Porzellan aus China Compagnie des Indes (Record no. 2519)

MARC details
000 -CABECERA
campo de control de longitud fija 00686nam a2200217 a 4500
001 - NÚMERO DE CONTROL
campo de control BRCA_2779
005 - FECHA Y HORA DE LA ÚLTIMA TRANSACCIÓN
campo de control 20190320203951.0
008 - DATOS DE LONGITUD FIJA--INFORMACIÓN GENERAL
campo de control de longitud fija 081208s1962----sz-a---###---#000-0#ger-u
050 #4 - SIGNATURA TOPOGRÁFICA DE LA BIBLIOTECA DEL CONGRESO
Número de clasificación NK4565
Número de documento/Ítem .B48
-- 1962
100 1# - ENTRADA PRINCIPAL--NOMBRE DE PERSONA
Nombre de persona Beurdeley, Michel
9 (RLIN) 7813
245 10 - MENCIÓN DE TÍTULO
Título Porzellan aus China Compagnie des Indes
Mención de responsabilidad, etc. von Michel Beurdeley.
260 ## - PUBLICACIÓN, DISTRIBUCIÓN, ETC.
Lugar de publicación, distribución, etc. Fribourg, Suiza
Nombre del editor, distribuidor, etc. Office au Livre
Fecha de publicación, distribución, etc. 1962
300 ## - DESCRIPCIÓN FÍSICA
Extensión 224 p.
Otras características físicas il.
Dimensiones 30 cm.
500 ## - NOTA GENERAL
Nota general AA92
500 ## - NOTA GENERAL
Nota general Ver también Y20 Y32 e Y126 (versión francófona)
500 ## - NOTA GENERAL
Nota general Incluye tabla cronológica
504 ## - NOTA DE BIBLIOGRAFÍA, ETC.
Nota de bibliografía, etc. Bibliografía: p. 216-217
650 14 - PUNTO DE ACCESO ADICIONAL DE MATERIA--TÉRMINO DE MATERIA
Término de materia o nombre geográfico como elemento de entrada Porcelana china
Subdivisión de forma Coleccionistas y colecciones
9 (RLIN) 7814
902 ## - CATALOGADOR
Iniciales GFM
942 ## - ELEMENTOS DE PUNTO DE ACCESO ADICIONAL (KOHA)
Fuente del sistema de clasificación o colocación Library of Congress Classification
Tipo de ítem Koha Libros
Holdings
Estado de retiro Estado de pérdida Estado dañado No para préstamo Localización permanente Ubicación/localización actual Fecha de adquisición Número de inventario Total de préstamos Signatura topográfica completa Código de barras Fecha visto por última vez Precio válido a partir de Tipo de ítem Koha
El ejemplar forma parte de la colección y puede ser consultado según las políticas vigentes.       Biblioteca del Museo Franz Mayer (Rogerio Casas-Alatriste) Biblioteca del Museo Franz Mayer (Rogerio Casas-Alatriste) 08/12/2008 AA92   NK4565 .B48 1962 (AA92) 2776 22/03/2019 22/03/2019 Libros